| 000 | 01067nam a2200337 i 4500 | ||
|---|---|---|---|
| 999 |
_c200452747 _d70959 |
||
| 001 | 200452747 | ||
| 003 | TR-AnTOB | ||
| 005 | 20250619084753.0 | ||
| 007 | ta | ||
| 008 | 971111s2013 tu ad b 00000 tur d | ||
| 020 | _a9786058620025 | ||
| 035 | _a(TR-AnTOB)200452747 | ||
| 040 |
_aTR-AnTOBB _beng _erda _cTR-AnTOB |
||
| 041 | 0 | _atur | |
| 050 | 4 |
_aHF5667 _b.S54 2013 |
|
| 090 |
_aHF5667 _b.S54 2013 |
||
| 100 | 1 |
_aSayar, Zafer _eauthor _917871 |
|
| 245 | 1 | 0 |
_aBağımsız denetimin kamu gözetiminde dünya uygulamaları ve Türkiye örneği / _cDoç. Dr. A. R. Zafer Sayar. |
| 264 | 1 |
_aAnkara : _bTÜRMOB, _c[2013) |
|
| 300 |
_aii, 194 pages : _billustrations (some color), tables ; _c24 cm |
||
| 336 |
_atext _btxt _2rdacontent |
||
| 337 |
_aunmediated _bn _2rdamedia |
||
| 338 |
_avolume _bnc _2rdacarrier |
||
| 490 | 0 |
_aTÜRMOB Yayınları ; _v451 |
|
| 504 | _aBIB | ||
| 650 | 7 |
_aDenetim _2etuturkob _989826 |
|
| 650 | 7 |
_aDenetim _zTürkiye _2etuturkob _97676 |
|
| 710 | 2 |
_aTÜRMOB (Organization) _9132044 |
|
| 942 |
_2lcc _cBK |
||